Functional Analysis And Approximation Theory In Numerical Analysis (Record no. 6388)

MARC details
000 -LEADER
fixed length control field 00537nam a2200193Ia 4500
008 - FIXED-LENGTH DATA ELEMENTS--GENERAL INFORMATION
fixed length control field 130729s9999 xx 000 0 und d
072 ## - SUBJECT CATEGORY CODE
Subject category code Numerical Approximation Of Elliptic Boundary Value Problems(Differential Equation)
082 ## - DEWEY DECIMAL CLASSIFICATION NUMBER
Classification number 518
082 ## - DEWEY DECIMAL CLASSIFICATION NUMBER
Item number V4261
100 ## - MAIN ENTRY--PERSONAL NAME
Personal name Varga,R.S.
9 (RLIN) 612
245 ## - TITLE STATEMENT
Title Functional Analysis And Approximation Theory In Numerical Analysis
245 ## - TITLE STATEMENT
Statement of responsibility, etc Varga,R.S.
260 ## - PUBLICATION, DISTRIBUTION, ETC. (IMPRINT)
Place of publication, distribution, etc England
260 ## - PUBLICATION, DISTRIBUTION, ETC. (IMPRINT)
Name of publisher, distributor, etc Siam
260 ## - PUBLICATION, DISTRIBUTION, ETC. (IMPRINT)
Date of publication, distribution, etc 1971
300 ## - PHYSICAL DESCRIPTION
Extent 76
300 ## - PHYSICAL DESCRIPTION
Type of unit Reference,graph & tables
942 ## - ADDED ENTRY ELEMENTS (KOHA)
Item type Book

No items available.